[Event "4NCL Online Division 2"]
[Site "online"]
[Date "2020.04.14"]
[Round "2.101"]
[White "Burrows, Nick"]
[Black "Stepanyan, Henrik"]
[Result "1/2-1/2"]
[WhiteElo "2072"]
[BlackElo "2237"]
[PlyCount "82"]
[EventDate "2020.04.14"]
[WhiteTeam "Schach Attack"]
[BlackTeam "Wood Green Youth"]

1. d4 d5 2. Bf4 e6 3. e3 c5 4. Nd2 Nc6 5. c3 Bd6 6. Bg3 e5 7. dxe5 Bxe5 8. Ngf3
Bxg3 9. hxg3 Nf6 10. Bd3 h6 11. Qc2 a6 12. O-O O-O 13. Rfe1 b5 14. a4 Rb8 15.
axb5 axb5 16. e4 c4 17. Bf1 dxe4 18. Nxe4 Bf5 19. Nxf6+ Qxf6 20. Qc1 Bg4 21.
Re3 Ra8 22. Be2 Rfd8 23. Rxa8 Rxa8 24. Qb1 Bf5 25. Qc1 Rd8 26. Bd1 Bd3 27. Bc2
g6 28. Bxd3 cxd3 29. Qd2 Qd6 30. Re4 Qd5 31. Rh4 h5 32. g4 Ne5 33. Nxe5 Qxe5
34. gxh5 g5 35. Rd4 Rxd4 36. cxd4 Qe2 37. Qxg5+ Kf8 38. Qd8+ Kg7 39. Qg5+ Kf8
40. Qd8+ Kg7 41. Qg5+ Kf8 1/2-1/2

[Event "4NCL Online Division 2"]
[Site "online"]
[Date "2020.04.14"]
[Round "2.102"]
[White "De Verdier, Michael"]
[Black "MacQueen, Stuart"]
[Result "1-0"]
[WhiteElo "2302"]
[BlackElo "2095"]
[PlyCount "113"]
[EventDate "2020.04.14"]
[WhiteTeam "Wood Green Youth"]
[BlackTeam "Schach Attack"]

1. Nf3 d5 2. e3 Nf6 3. b3 c5 4. Bb2 e6 5. c4 Nc6 6. cxd5 exd5 7. Be2 Bd6 8. O-O
O-O 9. Nc3 Bf5 10. d4 b6 11. Rc1 a6 12. dxc5 bxc5 13. Na4 Ne4 14. g3 Be6 15.
Nd2 Qe7 16. Nxe4 dxe4 17. Qc2 Nb4 18. Qb1 Bf5 19. Rc4 Nd3 20. Ba3 Bh3 21. Rd1
Qf6 22. Bxd3 exd3 23. Qxd3 Rfd8 24. Qe2 Bf8 25. Rcc1 Qc6 26. e4 Rxd1+ 27. Rxd1
Re8 28. Nc3 f5 29. Qc4+ Kh8 30. Qd5 Qc8 31. e5 f4 32. Ne4 Bg4 33. Ng5 h6 34.
Nf7+ Kh7 35. f3 Be6 36. Qd3+ Bf5 37. Qc3 fxg3 38. hxg3 Qe6 39. Nd6 Bxd6 40.
Rxd6 Qxe5 41. Qxe5 Rxe5 42. Rxa6 Re1+ 43. Kf2 Re5 44. Ra7 Bd3 45. Rxg7+ Kxg7
46. Bb2 Kf6 47. f4 Kf5 48. fxe5 Bb1 49. a3 Ba2 50. b4 cxb4 51. axb4 Bc4 52. Ke3
Kg4 53. Kd4 Be6 54. b5 Kf5 55. b6 Bc8 56. Kd5 h5 57. Kc6 1-0

[Event "4NCL Online Division 2"]
[Site "online"]
[Date "2020.04.14"]
[Round "2.103"]
[White "Alizada, Eldar"]
[Black "Guha, Chirag"]
[Result "1/2-1/2"]
[WhiteElo "2057"]
[BlackElo "1807"]
[PlyCount "110"]
[EventDate "2020.04.14"]
[WhiteTeam "Schach Attack"]
[BlackTeam "Wood Green Youth"]

1. d4 d5 2. Nf3 Nf6 3. c4 e6 4. Nc3 c6 5. e3 Nbd7 6. Bd3 dxc4 7. Bxc4 b5 8. Bd3
Bb7 9. e4 b4 10. Na4 c5 11. e5 Nd5 12. Nxc5 Nxc5 13. dxc5 Bxc5 14. Bb5+ Kf8 15.
O-O Qb6 16. Qe2 h6 17. Bd2 g6 18. a3 Kg7 19. Rfc1 Rac8 20. Bd3 a5 21. Be4 Ba6
22. Qe1 Bb7 23. Qe2 Rhd8 24. Ne1 Bd4 25. axb4 axb4 26. Nd3 Ba6 27. Rxc8 Rxc8
28. Bxd5 exd5 29. Qf3 Bxd3 30. Qxd3 Bxf2+ 31. Kh1 Qd4 32. Bxh6+ Kxh6 33. Qh3+
Kg7 34. Qxc8 Qxb2 35. Rd1 Qe2 36. Qc1 Be3 37. Qb1 d4 38. Qd3 Qxd3 39. Rxd3 f6
40. exf6+ Kxf6 41. Rb3 Bd2 42. Kg1 Bc3 43. Kf2 Ke5 44. Kf3 Kd5 45. Rb1 Kc4 46.
Ke4 b3 47. h4 b2 48. g4 Kb3 49. Kd3 Ka2 50. Rd1 b1=Q+ 51. Rxb1 Kxb1 52. h5 gxh5
53. gxh5 Bb4 54. Kxd4 Bf8 55. Ke5 Bh6 1/2-1/2

[Event "4NCL Online Division 2"]
[Site "online"]
[Date "2020.04.14"]
[Round "2.104"]
[White "Desai, Nilomi"]
[Black "Moyse, Nigel John"]
[Result "1-0"]
[WhiteElo "1624"]
[BlackElo "2035"]
[PlyCount "59"]
[EventDate "2020.04.14"]
[WhiteTeam "Wood Green Youth"]
[BlackTeam "Schach Attack"]

1. d4 Nf6 2. c4 g6 3. Nc3 Bg7 4. e4 d6 5. f3 O-O 6. Be3 Nc6 7. Bd3 e5 8. d5 Nd4
9. Nge2 Nh5 10. O-O f5 11. Qd2 c5 12. dxc6 bxc6 13. exf5 gxf5 14. Rad1 f4 15.
Bf2 c5 16. b4 Bb7 17. bxc5 dxc5 18. Ne4 Qe7 19. Nxd4 exd4 20. Rfe1 Rac8 21. Ng3
Qg5 22. h4 Qh6 23. Nf5 Qf6 24. Ne7+ Kh8 25. Nxc8 Bxc8 26. Qa5 Ng3 27. Qxc5 Qxh4
28. Bxd4 Rg8 29. Bxg7+ Kxg7 30. Re7+ 1-0

[Event "4NCL Online Division 2"]
[Site "online"]
[Date "2020.04.14"]
[Round "2.111"]
[White "Ellis, Aidan B"]
[Black "Carroll, Peter"]
[Result "1/2-1/2"]
[WhiteElo "1967"]
[BlackElo "2009"]
[PlyCount "48"]
[EventDate "2020.04.14"]
[WhiteTeam "St Albans 1"]
[BlackTeam "Gonzaga C-ing is Believing"]

1. e4 c5 2. Nf3 d6 3. c3 Nf6 4. Be2 Nc6 5. d4 cxd4 6. cxd4 Nxe4 7. d5 Qa5+ 8.
Nc3 Nxc3 9. bxc3 Ne5 10. Nxe5 dxe5 11. O-O e6 12. Bf3 Qc7 13. Rb1 Rb8 14. Qa4+
Bd7 15. Qh4 Be7 16. Qg3 O-O 17. Re1 Bf6 18. Ba3 Rfd8 19. d6 Qxc3 20. Bxb7 Qxg3
21. hxg3 Bc8 22. Bc6 Rxb1 23. Rxb1 Bd7 24. Be4 Kf8 1/2-1/2

[Event "4NCL Online Division 2"]
[Site "online"]
[Date "2020.04.14"]
[Round "2.112"]
[White "Casey, Eoghan"]
[Black "Collopy, Robert"]
[Result "1-0"]
[WhiteElo "1954"]
[BlackElo "2012"]
[PlyCount "65"]
[EventDate "2020.04.14"]
[WhiteTeam "Gonzaga C-ing is Believing"]
[BlackTeam "St Albans 1"]

1. d4 Nf6 2. Bf4 d5 3. e3 c5 4. c3 Qb6 5. Qb3 Nc6 6. Na3 Nh5 7. Qxb6 axb6 8.
Bc7 cxd4 9. exd4 e5 10. Nb5 Be7 11. Bxb6 O-O 12. Nc7 Bf5 13. Nxa8 Rxa8 14. dxe5
Nxe5 15. Bc7 Nd3+ 16. Bxd3 Bxd3 17. Nh3 Bf6 18. g4 Be4 19. O-O Ra4 20. gxh5 Bf5
21. Kg2 g5 22. Bg3 Be4+ 23. f3 Bd3 24. Rfe1 g4 25. fxg4 Rxg4 26. h6 Be4+ 27.
Kf2 Bh4 28. c4 Kf8 29. cxd5 Bxd5 30. Rad1 Be6 31. Kf3 Rb4 32. Nf4 Bxg3 33.
Nxe6+ 1-0

[Event "4NCL Online Division 2"]
[Site "online"]
[Date "2020.04.14"]
[Round "2.113"]
[White "Gemmell, John"]
[Black "Nolan, Conor"]
[Result "1-0"]
[WhiteElo "1930"]
[BlackElo "1884"]
[PlyCount "157"]
[EventDate "2020.04.14"]
[WhiteTeam "St Albans 1"]
[BlackTeam "Gonzaga C-ing is Believing"]

1. d4 d5 2. Bf4 Nf6 3. e3 c5 4. c3 Nc6 5. Nd2 cxd4 6. exd4 e6 7. Ngf3 Nh5 8.
Bg5 f6 9. Bh4 g6 10. Bb5 Ng7 11. Ne5 Bd7 12. Nxd7 Kxd7 13. Qe2 Nf5 14. Bg3 Bd6
15. Nb3 Nxg3 16. hxg3 a6 17. Bd3 Rc8 18. Rd1 Na5 19. Nc5+ Bxc5 20. dxc5 Ke7 21.
O-O Kf7 22. Rfe1 Re8 23. b4 Nc6 24. a3 Qc7 25. c4 Rcd8 26. cxd5 Rxd5 27. Bc4
Re5 28. Qd2 Rxe1+ 29. Rxe1 Ne5 30. Bb3 Qd7 31. Qxd7+ Nxd7 32. Ba4 Re7 33. f4
Nf8 34. Kf2 e5 35. Bb3+ Kg7 36. Kf3 Ne6 37. Bxe6 Rxe6 38. Rd1 e4+ 39. Ke3 Re7
40. g4 f5 41. gxf5 gxf5 42. Rd5 Kg6 43. a4 h5 44. b5 axb5 45. axb5 Re6 46. Rd7
Re8 47. Rxb7 Ra8 48. c6 Ra3+ 49. Kd4 Rd3+ 50. Kc5 Kf6 51. c7 e3 52. Kc4 Rd1 53.
c8=Q Rc1+ 54. Kd3 Rxc8 55. Kxe3 Rc4 56. b6 Re4+ 57. Kf3 Rb4 58. Rh7 Rb3+ 59.
Kf2 Kg6 60. Rb7 h4 61. Rb8 Kg7 62. Kg1 h3 63. gxh3 Rxh3 64. b7 Rb3 65. Kg2 Kh7
66. Kf2 Kg7 67. Ke2 Kh7 68. Kd2 Kg7 69. Kc2 Rb6 70. Kc3 Rb1 71. Kd4 Rd1+ 72.
Ke5 Re1+ 73. Kxf5 Rb1 74. Ke4 Re1+ 75. Kd3 Rb1 76. Kc2 Rb6 77. f5 Rb5 78. f6+
Kxf6 79. Rf8+ 1-0

[Event "4NCL Online Division 2"]
[Site "online"]
[Date "2020.04.14"]
[Round "2.114"]
[White "Cullen, Ben"]
[Black "Palmer, James C"]
[Result "1-0"]
[WhiteElo "1894"]
[BlackElo "1720"]
[PlyCount "47"]
[EventDate "2020.04.14"]
[WhiteTeam "Gonzaga C-ing is Believing"]
[BlackTeam "St Albans 1"]

1. d4 e6 2. c4 Nf6 3. g3 Bb4+ 4. Bd2 Bxd2+ 5. Nxd2 Nc6 6. Ngf3 d5 7. Bg2 Bd7 8.
O-O Ne7 9. Ne5 Ng6 10. Qb3 dxc4 11. Ndxc4 b5 12. Nxd7 Nxd7 13. Na5 a6 14. Bxa8
Qxa8 15. Rac1 Qe4 16. Rxc7 Qxe2 17. Rc8+ Ke7 18. Nc6+ Kf6 19. Rxh8 Nxh8 20. Qc3
Qc4 21. Qf3+ Kg6 22. Qg4+ Kh6 23. Qh4+ Kg6 24. Ne7# 1-0

[Event "4NCL Online Division 2"]
[Site "online"]
[Date "2020.04.14"]
[Round "2.121"]
[White "Keane, Graham D J"]
[Black "Jugand, Jean-Baptiste"]
[Result "0-1"]
[WhiteElo "2161"]
[BlackElo "2065"]
[PlyCount "116"]
[EventDate "2020.04.14"]
[WhiteTeam "Streatham A"]
[BlackTeam "Kent KJCA Kestrels B"]

1. d4 d5 2. Bf4 Nf6 3. e3 Bf5 4. c4 c6 5. Nc3 e6 6. Nf3 dxc4 7. Bxc4 Nbd7 8.
O-O Be7 9. h3 Nb6 10. Bb3 O-O 11. Nh4 Nfd5 12. Nxf5 exf5 13. Be5 a5 14. Qf3 g6
15. e4 fxe4 16. Nxe4 a4 17. Bxd5 Nxd5 18. a3 f6 19. Bg3 Qb6 20. Nc3 Qb3 21.
Rfe1 Nxc3 22. Qxc3 Qxc3 23. bxc3 Kf7 24. Bf4 Rad8 25. Bc7 Rd5 26. Bb6 Rb5 27.
Reb1 Rxb1+ 28. Rxb1 Bxa3 29. Ra1 Bb2 30. Rxa4 Bxc3 31. Ra7 Rb8 32. Bc7 Re8 33.
Rxb7 Re7 34. Rb3 Bxd4 35. Ba5 c5 36. Bc3 c4 37. Ra3 Bxc3 38. Rxc3 Re1+ 39. Kh2
Re4 40. f3 Rd4 41. Kg3 Ke6 42. Kf2 Kd5 43. Ke3 f5 44. g3 Rd1 45. h4 Kc5 46. Ke2
Rd7 47. Rc1 Kb4 48. Rb1+ Ka3 49. Rb8 c3 50. g4 c2 51. Rc8 Kb2 52. Rb8+ Kc1 53.
gxf5 gxf5 54. Rb5 Re7+ 55. Kf2 f4 56. Rf5 Rc7 57. Rb5 Kd2 58. Rd5+ Kc3 0-1

[Event "4NCL Online Division 2"]
[Site "online"]
[Date "2020.04.14"]
[Round "2.122"]
[White "Ball, Laurence"]
[Black "Horton, Justin"]
[Result "1-0"]
[WhiteElo "2090"]
[BlackElo "2058"]
[PlyCount "99"]
[EventDate "2020.04.14"]
[WhiteTeam "Kent KJCA Kestrels B"]
[BlackTeam "Streatham A"]

1. e4 e5 2. Nc3 Nf6 3. Bc4 Nc6 4. d3 Na5 5. Bb3 Nxb3 6. axb3 d5 7. exd5 Nxd5 8.
Nge2 Bg4 9. h3 Bh5 10. O-O Bc5 11. Qd2 O-O 12. Nxd5 Qxd5 13. Nc3 Qc6 14. Qg5
Bg6 15. Qxe5 Rad8 16. Be3 Bxe3 17. Qxe3 a6 18. b4 Qd6 19. Qc5 Qf4 20. Rfe1 Rfe8
21. Nd5 Rxe1+ 22. Rxe1 Qd2 23. Ne7+ Kh8 24. Nxg6+ hxg6 25. Qc3 Qxc3 26. bxc3
Rd7 27. Re8+ Kh7 28. Kf1 g5 29. Ke2 Kg6 30. d4 f6 31. Kd3 Kf7 32. Re1 c6 33. c4
Rd8 34. Ra1 Ke6 35. c3 Kd6 36. c5+ Kd7 37. Re1 Rh8 38. c4 Ra8 39. d5 a5 40. Ra1
a4 41. Ra3 cxd5 42. cxd5 b5 43. cxb6 Ra6 44. Kc4 Rxb6 45. Rxa4 Kd6 46. Ra7 g6
47. Rf7 Ke5 48. Kc5 Rb8 49. d6 Rd8 50. Re7+ 1-0

[Event "4NCL Online Division 2"]
[Site "online"]
[Date "2020.04.14"]
[Round "2.123"]
[White "Bennett, John M"]
[Black "Merriman, James"]
[Result "1-0"]
[WhiteElo "1995"]
[BlackElo "1997"]
[PlyCount "85"]
[EventDate "2020.04.14"]
[WhiteTeam "Streatham A"]
[BlackTeam "Kent KJCA Kestrels B"]

1. d4 Nf6 2. Bg5 d5 3. e3 c5 4. Bxf6 gxf6 5. dxc5 e5 6. c4 dxc4 7. Qxd8+ Kxd8
8. Bxc4 Be6 9. Nd2 Bxc5 10. O-O-O Nd7 11. Ne2 Rc8 12. Kb1 Ke7 13. Ng3 Rhg8 14.
Bd3 Rc7 15. Bxh7 Rg7 16. Be4 Ke8 17. Rc1 Kd8 18. Nf3 Kc8 19. Nh4 Kb8 20. Rhd1
Rg8 21. Nhf5 Rg4 22. f3 Rg8 23. Rd3 Nb6 24. Rcd1 a5 25. Rd8+ Rxd8 26. Rxd8+ Ka7
27. h4 Nc4 28. Rd3 Bb4 29. Nf1 a4 30. a3 Na5 31. axb4 Nb3 32. Rd1 Bc4 33. Nd6
Bxf1 34. Rxf1 Nd2+ 35. Ka2 Nxf1 36. Nb5+ Kb6 37. Nxc7 Kxc7 38. h5 f5 39. h6
fxe4 40. h7 exf3 41. gxf3 Nxe3 42. h8=Q Nc4 43. Qf6 1-0

[Event "4NCL Online Division 2"]
[Site "online"]
[Date "2020.04.14"]
[Round "2.124"]
[White "Cook, John"]
[Black "Hylands, Liam M"]
[Result "0-1"]
[WhiteElo "1815"]
[BlackElo "1912"]
[PlyCount "86"]
[EventDate "2020.04.14"]
[WhiteTeam "Kent KJCA Kestrels B"]
[BlackTeam "Streatham A"]

1. c4 e5 2. g3 Nf6 3. Bg2 d5 4. cxd5 Nxd5 5. Nc3 Nb6 6. Nf3 Nc6 7. O-O Be7 8.
d3 Be6 9. Be3 O-O 10. a3 f6 11. b4 a5 12. b5 Nd4 13. Nd2 Nd5 14. Bxd4 exd4 15.
Nxd5 Bxd5 16. Bxd5+ Qxd5 17. Qa4 Kh8 18. Rfc1 Bd6 19. Rc4 f5 20. Rxd4 Qe6 21.
e3 Be5 22. Rc1 Bxd4 23. Qxd4 c6 24. bxc6 bxc6 25. Rc5 Rfc8 26. Nc4 Rd8 27. Qc3
a4 28. Ne5 Re8 29. d4 Qb3 30. Rxc6 Qxc3 31. Rxc3 Rec8 32. Rd3 Rab8 33. Kg2 Rb3
34. Kf3 Rxd3 35. Nxd3 Rc3 36. Nc5 Rxa3 37. Kf4 Ra2 38. f3 a3 39. h4 Rb2 40. Nd3
Rb1 41. d5 a2 42. d6 a1=Q 43. d7 Qa4+ 0-1

[Event "4NCL Online Division 2"]
[Site "online"]
[Date "2020.04.14"]
[Round "2.131"]
[White "Pink, Joshua"]
[Black "Bruhn, Boris"]
[Result "0-1"]
[WhiteElo "2042"]
[BlackElo "2101"]
[PlyCount "92"]
[EventDate "2020.04.14"]
[WhiteTeam "Throw in the Tal"]
[BlackTeam "ChessPlus Beta"]

1. e4 c5 2. Nf3 Nc6 3. d4 cxd4 4. Nxd4 Nf6 5. Nc3 e5 6. Nf5 d5 7. exd5 Bxf5 8.
dxc6 bxc6 9. Qf3 Qd7 10. Bc4 Bd6 11. O-O O-O 12. Bg5 e4 13. Qe2 Rfe8 14. Bxf6
gxf6 15. Rad1 Qc7 16. h3 Bg6 17. Rfe1 Rab8 18. Bb3 Rbd8 19. Qc4 f5 20. Ba4 Rc8
21. Bb3 Bh5 22. Rd2 Red8 23. Kh1 Qe7 24. Ne2 Be5 25. Rxd8+ Rxd8 26. Ng3 Bg6 27.
Qxc6 Bxb2 28. Nf1 Bd4 29. Ne3 f4 30. Ng4 Kg7 31. Re2 h5 32. Nh2 Qc5 33. Qxc5
Bxc5 34. Nf1 Rd1 35. Kg1 e3 36. f3 Kf6 37. g3 fxg3 38. Kg2 h4 39. Nxe3 Bxe3 40.
Rxe3 Rd2+ 41. Kg1 Bf5 42. f4 Bxh3 43. Rd3 Rg2+ 44. Kh1 Rf2 45. Rd1 Bg2+ 46. Kg1
h3 0-1

[Event "4NCL Online Division 2"]
[Site "online"]
[Date "2020.04.14"]
[Round "2.132"]
[White "Suarez Roa, Jose Francisco"]
[Black "Ireland, David J"]
[Result "0-1"]
[WhiteElo "2045"]
[BlackElo "2020"]
[PlyCount "50"]
[EventDate "2020.04.14"]
[WhiteTeam "ChessPlus Beta"]
[BlackTeam "Throw in the Tal"]

1. e4 e6 2. d4 d5 3. Bd3 dxe4 4. Bxe4 Nf6 5. Bf3 c5 6. Ne2 Nc6 7. Be3 Qb6 8.
Nbc3 cxd4 9. Nxd4 Nxd4 10. Bxd4 Bc5 11. Bxc5 Qxc5 12. Qe2 O-O 13. O-O-O Rb8 14.
Kb1 b5 15. g4 b4 16. Ne4 Nxe4 17. Bxe4 Bb7 18. f4 Bxe4 19. Qxe4 Rfd8 20. Rd3
Rbc8 21. Rxd8+ Rxd8 22. Rc1 Qd4 23. Qf3 g6 24. f5 exf5 25. gxf5 Qd5 0-1

[Event "4NCL Online Division 2"]
[Site "online"]
[Date "2020.04.14"]
[Round "2.133"]
[White "Graff, Ben"]
[Black "Foley, John P"]
[Result "1/2-1/2"]
[WhiteElo "1892"]
[BlackElo "1954"]
[PlyCount "106"]
[EventDate "2020.04.14"]
[WhiteTeam "Throw in the Tal"]
[BlackTeam "ChessPlus Beta"]

1. d4 d5 2. Bf4 Nf6 3. e3 c5 4. c3 Nc6 5. Nd2 e6 6. Ngf3 Bd6 7. Bg3 O-O 8. Bd3
b6 9. Bh4 Bb7 10. O-O Rc8 11. Qe2 Be7 12. Rfe1 cxd4 13. exd4 Nh5 14. Bxe7 Qxe7
15. g3 g6 16. Ne5 Nxe5 17. Qxe5 Qf6 18. Re3 Qxe5 19. Rxe5 Rc7 20. Be2 Nf6 21.
Bf3 Kg7 22. Rae1 b5 23. Nb3 Nd7 24. R5e3 Ra8 25. Na5 Rb8 26. Nxb7 Rbxb7 27. b3
Rb8 28. Be2 a6 29. Rc1 Nb6 30. a3 Rc6 31. Kf1 Rbc8 32. Ke1 R8c7 33. Kd2 Nc8 34.
g4 Nd6 35. f3 h6 36. h4 Rc8 37. Kc2 a5 38. b4 axb4 39. axb4 Ra6 40. Rb1 Ra2+
41. Rb2 Rca8 42. Rxa2 Rxa2+ 43. Kb1 Ra7 44. Kb2 Kf6 45. Bf1 Ke7 46. Re1 Kd7 47.
Bd3 Kc6 48. f4 Ra8 49. Re2 Kd7 50. Re1 Ra7 51. Re2 Ra8 52. Re1 Ra7 53. Re2 Ra8
1/2-1/2

[Event "4NCL Online Division 2"]
[Site "online"]
[Date "2020.04.14"]
[Round "2.134"]
[White "Vukojevic Ferrari, Viktor"]
[Black "Goodwin, Ed H"]
[Result "1-0"]
[WhiteElo "1705"]
[BlackElo "1930"]
[PlyCount "81"]
[EventDate "2020.04.14"]
[WhiteTeam "ChessPlus Beta"]
[BlackTeam "Throw in the Tal"]

1. d4 e6 2. c4 f5 3. Nc3 Nf6 4. f3 Bb4 5. Bd2 O-O 6. a3 Be7 7. e4 d6 8. Bd3 Nc6
9. Be3 f4 10. Bf2 Bd7 11. d5 Ne5 12. Nge2 Nxd3+ 13. Qxd3 e5 14. O-O-O c6 15. g3
cxd5 16. Nxd5 Rc8 17. gxf4 b5 18. fxe5 bxc4 19. Nxe7+ Qxe7 20. Qxd6 Qxd6 21.
Rxd6 Nxe4 22. fxe4 Rxf2 23. Rxd7 Rxe2 24. Rxa7 Rxe4 25. Rd1 Rxe5 26. Rdd7 Rg5
27. Rac7 Rxc7 28. Rxc7 Rg1+ 29. Kc2 Rg2+ 30. Kc3 Rxh2 31. a4 Rh1 32. Rxc4 Ra1
33. b3 h5 34. Kb2 Rg1 35. Rc5 g5 36. a5 Rg2+ 37. Ka3 h4 38. a6 Rg1 39. Kb2 Rg2+
40. Rc2 h3 41. a7 1-0

[Event "4NCL Online Division 2"]
[Site "online"]
[Date "2020.04.14"]
[Round "2.141"]
[White "Wilson, Jaimie"]
[Black "Lowe, Chris"]
[Result "1/2-1/2"]
[WhiteElo "2097"]
[BlackElo "2027"]
[PlyCount "140"]
[EventDate "2020.04.14"]
[WhiteTeam "Wessex Some Stars A"]
[BlackTeam "Exeter Honey Badgers"]

1. Nf3 Nf6 2. d4 g6 3. g3 Bg7 4. Bg2 d6 5. Nbd2 O-O 6. O-O Nbd7 7. e4 e5 8. Re1
Re8 9. c3 b6 10. dxe5 dxe5 11. a4 a5 12. Qc2 Bb7 13. Nc4 Ba6 14. Bf1 Ng4 15. h3
Ngf6 16. Bg5 h6 17. Bd2 Nh5 18. Rad1 Qf6 19. Nh2 Qe6 20. Be3 Ndf6 21. b3 Bxc4
22. Bxc4 Qxh3 23. Bc1 Red8 24. Re3 Ng4 25. Nxg4 Qxg4 26. Red3 Rxd3 27. Qxd3 Nf4
28. Qd7 Ne6 29. Bxe6 fxe6 30. Rd2 Rf8 31. Qxc7 Qxe4 32. Rd1 Qe2 33. Rf1 Rf5 34.
Qxb6 Rh5 35. Qxe6+ Kh7 36. Qd5 e4 37. Qd1 Qa6 38. Be3 Qe6 39. g4 Rh4 40. f3
exf3 41. Qxf3 Rxg4+ 42. Kf2 Rh4 43. Bf4 Qxb3 44. Re1 Qxc3 45. Qxc3 Bxc3 46.
Re7+ Kg8 47. Kg3 g5 48. Bd6 Rxa4 49. Rc7 Bd2 50. Kf2 Bf4 51. Rc8+ Kf7 52. Bc5
Kg6 53. Rc6+ Kf5 54. Rxh6 Ra2+ 55. Kf1 g4 56. Rh8 Ke4 57. Rd8 g3 58. Rd4+ Kf3
59. Rd3+ Kg4 60. Rd8 g2+ 61. Kg1 Rc2 62. Bf2 Kf3 63. Rd3+ Ke2 64. Ra3 Bd2 65.
Kxg2 Bc3 66. Kg3 Be5+ 67. Kg4 Kxf2 68. Rxa5 Bd4 69. Kf5 Rc5+ 70. Rxc5 Bxc5
1/2-1/2

[Event "4NCL Online Division 2"]
[Site "online"]
[Date "2020.04.14"]
[Round "2.142"]
[White "Paulden, Tim"]
[Black "Westrap, Christian F"]
[Result "1-0"]
[WhiteElo "2057"]
[BlackElo "2057"]
[PlyCount "55"]
[EventDate "2020.04.14"]
[WhiteTeam "Exeter Honey Badgers"]
[BlackTeam "Wessex Some Stars A"]

1. b3 d5 2. Bb2 Nf6 3. e3 c6 4. f4 Bg4 5. Nf3 Nbd7 6. h3 Bxf3 7. Qxf3 Qc7 8. c4
e6 9. Nc3 Bd6 10. Rc1 dxc4 11. Bxc4 O-O 12. O-O e5 13. f5 Nb6 14. Bd3 Qe7 15.
g4 h6 16. Rf2 Rad8 17. Bb1 Nbd5 18. Rg2 Nxc3 19. Bxc3 e4 20. Qf2 Be5 21. g5
hxg5 22. Rxg5 Nd5 23. Qg2 Nxc3 24. dxc3 Bf6 25. Rg4 Qc5 26. Re1 Bxc3 27. Rxg7+
Bxg7 28. f6 1-0

[Event "4NCL Online Division 2"]
[Site "online"]
[Date "2020.04.14"]
[Round "2.143"]
[White "Pye, David E"]
[Black "O'Neill, Paul"]
[Result "1-0"]
[WhiteElo "2055"]
[BlackElo "2052"]
[PlyCount "109"]
[EventDate "2020.04.14"]
[WhiteTeam "Wessex Some Stars A"]
[BlackTeam "Exeter Honey Badgers"]

1. d4 Nf6 2. Nc3 d5 3. Bg5 e6 4. e4 dxe4 5. Nxe4 Be7 6. Bxf6 Bxf6 7. Nf3 Bd7 8.
c3 Bc6 9. Bd3 Nd7 10. Qc2 Qe7 11. O-O-O O-O-O 12. Rhe1 Bxe4 13. Bxe4 c6 14. Kb1
Kb8 15. d5 cxd5 16. Bxd5 Qc5 17. Bb3 Nb6 18. Re2 Nc4 19. Bxc4 Qxc4 20. Red2
Rxd2 21. Nxd2 Qg4 22. g3 Qh5 23. h4 Rd8 24. Kc1 Qd5 25. Nb3 Qxd1+ 26. Qxd1
Rxd1+ 27. Kxd1 Kc7 28. Ke2 Kd6 29. Kd3 Bd8 30. Nd2 f5 31. f4 b5 32. c4 a6 33.
b4 bxc4+ 34. Nxc4+ Kd5 35. Ne3+ Kd6 36. a4 g6 37. a5 Kc6 38. Kc4 Bc7 39. Ng2 e5
40. fxe5 Bxe5 41. Nf4 Bd6 42. Ne2 h6 43. h5 gxh5 44. Nd4+ Kd7 45. Nxf5 Be5 46.
b5 axb5+ 47. Kxb5 Ke6 48. a6 Bb8 49. Kb6 h4 50. gxh4 Bh2 51. Nxh6 Bg1+ 52. Kb7
Kf6 53. Ng4+ Kg6 54. Ne5+ Kh5 55. Nd7 1-0

[Event "4NCL Online Division 2"]
[Site "online"]
[Date "2020.04.14"]
[Round "2.144"]
[White "Haynes, Josiah"]
[Black "Pleasants, Allan J"]
[Result "0-1"]
[WhiteElo "2072"]
[BlackElo "2001"]
[PlyCount "106"]
[EventDate "2020.04.14"]
[WhiteTeam "Exeter Honey Badgers"]
[BlackTeam "Wessex Some Stars A"]

1. e4 g6 2. d4 Bg7 3. Nc3 d6 4. Be3 Nc6 5. Nge2 Nf6 6. f3 e5 7. d5 Ne7 8. Qd2
c6 9. Bh6 O-O 10. Bxg7 Kxg7 11. g4 cxd5 12. exd5 Qa5 13. O-O-O b5 14. g5 Nh5
15. f4 b4 16. Nb1 Bf5 17. fxe5 Rac8 18. Nd4 dxe5 19. Nxf5+ Nxf5 20. Qe1 Qc7 21.
Rd2 Nf4 22. d6 Qc5 23. d7 Rc7 24. h4 Rd8 25. Rhh2 Rdxd7 26. Rxd7 Rxd7 27. Rd2
Rc7 28. a3 a5 29. Qe4 Qe3 30. Qxe3 Nxe3 31. Bb5 Nf5 32. axb4 axb4 33. c3 e4 34.
Rd7 Nd3+ 35. Kc2 b3+ 36. Kd2 Rxd7 37. Bxd7 Nxh4 38. Ba4 Nxb2 39. Bxb3 Nf3+ 40.
Ke3 Nxg5 41. Nd2 f5 42. Kd4 Nd3 43. Bc2 Ne6+ 44. Ke3 Nec5 45. Nb3 Nxb3 46. Bxb3
h5 47. Bc2 Kf6 48. Kd4 Ke6 49. Bb3+ Kd6 50. Bf7 Ne5 51. Be8 h4 52. c4 Nxc4 53.
Kxc4 h3 0-1

[Event "4NCL Online Division 2"]
[Site "online"]
[Date "2020.04.14"]
[Round "2.151"]
[White "Burrows, Martin P"]
[Black "Fegan, Chris"]
[Result "1-0"]
[WhiteElo "2125"]
[BlackElo "2034"]
[PlyCount "95"]
[EventDate "2020.04.14"]
[WhiteTeam "Wigston 1"]
[BlackTeam "CSC 2"]

1. e4 c5 2. Nf3 d6 3. d4 cxd4 4. Nxd4 Nf6 5. Nc3 g6 6. Be3 Bg7 7. f3 O-O 8. Qd2
Nc6 9. O-O-O Bd7 10. g4 Qa5 11. Nb3 Qd8 12. h4 h5 13. gxh5 Nxh5 14. Rg1 a5 15.
a4 Rc8 16. Nd5 Be6 17. Kb1 Ne5 18. Bb6 Qe8 19. Nd4 Bxd5 20. exd5 Qxa4 21. Bb5
Qb4 22. c3 Nxf3 23. cxb4 Nxd2+ 24. Rxd2 axb4 25. Ne2 Nf6 26. Be3 Ne4 27. Rc2
Rxc2 28. Kxc2 Rc8+ 29. Kb1 b3 30. Rc1 Ra8 31. Nc3 f5 32. Nxe4 fxe4 33. Rg1 Kh7
34. Bc4 Rf8 35. Rf1 Rf5 36. Kc1 Bf6 37. Bg5 Bxg5+ 38. hxg5 Rxg5 39. Rf7+ Kh6
40. Rxe7 Rg1+ 41. Kd2 Rg2+ 42. Kc3 Rg3+ 43. Kb4 Re3 44. Bxb3 g5 45. Bc2 Re2 46.
Bxe4 Rxb2+ 47. Kc3 Re2 48. Rh7# 1-0

[Event "4NCL Online Division 2"]
[Site "online"]
[Date "2020.04.14"]
[Round "2.152"]
[White "John, Joshua"]
[Black "Morley, Andrew J"]
[Result "0-1"]
[WhiteElo "2042"]
[BlackElo "2065"]
[PlyCount "108"]
[EventDate "2020.04.14"]
[WhiteTeam "CSC 2"]
[BlackTeam "Wigston 1"]

1. d4 Nf6 2. c4 g6 3. Nc3 Bg7 4. f3 c5 5. d5 d6 6. e4 O-O 7. Be3 e6 8. Qd2 exd5
9. cxd5 b6 10. Nge2 Na6 11. g4 Nc7 12. Ng3 b5 13. h4 Nd7 14. h5 Ne5 15. Be2 b4
16. Nd1 Ba6 17. Bh6 Bxe2 18. Kxe2 Qf6 19. Nf5 gxf5 20. g5 Bxh6 21. gxh6 fxe4
22. Rg1+ Kh8 23. f4 Nd3 24. Ne3 Nxf4+ 25. Kd1 Qd4 26. Rg7 Ncxd5 27. Nf5 Qe5 28.
Nh4 Qxh5+ 29. Kc2 Qxh4 30. Rag1 e3 31. Qd1 e2 32. Qd2 Rae8 33. R7g4 e1=Q 34.
Rxh4 Qxh4 35. Kb3 Re2 36. Qd1 Qf6 37. Qb1 Ng6 38. Rf1 Qe6 39. Qf5 Nb6+ 40. Qxe6
fxe6 41. Rxf8+ Nxf8 42. a3 bxa3 43. bxa3 Rd2 44. Kc3 Rd5 45. a4 a5 46. Kb2 e5
47. Kc2 e4 48. Kc3 e3 49. Kb3 e2 50. Kb2 e1=Q 51. Kc2 Qd2+ 52. Kb3 Qb4+ 53. Ka2
Rd2+ 54. Ka1 Qb2# 0-1

[Event "4NCL Online Division 2"]
[Site "online"]
[Date "2020.04.14"]
[Round "2.153"]
[White "Horspool, Philip J"]
[Black "Lawson, Maurice E"]
[Result "1-0"]
[WhiteElo "2057"]
[BlackElo "1983"]
[PlyCount "117"]
[EventDate "2020.04.14"]
[WhiteTeam "Wigston 1"]
[BlackTeam "CSC 2"]

1. e4 c6 2. d4 d5 3. exd5 cxd5 4. c4 Nf6 5. Nc3 e6 6. Nf3 Bb4 7. cxd5 Nxd5 8.
Qc2 O-O 9. Bd3 h6 10. O-O Nc6 11. a3 Be7 12. Be4 Nxc3 13. Qxc3 Bd7 14. Bc2 h5
15. Qd3 g6 16. Bh6 Re8 17. Rad1 Bf8 18. Bg5 Qa5 19. Bd2 Qb6 20. Bc3 Ne7 21.
Rfe1 Bb5 22. Qd2 Nd5 23. Ba5 Qd6 24. a4 Ba6 25. Ne5 b6 26. Bc3 Nxc3 27. bxc3
Bg7 28. Qf4 Bxe5 29. dxe5 Qe7 30. Re3 Rad8 31. Rde1 Rd2 32. Be4 Bb7 33. Rg3
Bxe4 34. Qxd2 Rd8 35. Qe2 Bf5 36. Qxh5 Qc5 37. Qg5 Rd5 38. Qe3 Qxe3 39. Rgxe3
Ra5 40. f3 Rxa4 41. g4 Bc2 42. Kf2 b5 43. Rc1 Bb3 44. Ree1 Ra2+ 45. Re2 Rxe2+
46. Kxe2 a5 47. Ke3 a4 48. Ra1 g5 49. Kd4 Bc4 50. Rxa4 bxa4 51. Kxc4 Kg7 52.
Kb4 f6 53. Kxa4 fxe5 54. Kb5 Kf6 55. c4 e4 56. fxe4 Ke5 57. c5 Kxe4 58. c6 Kf4
59. c7 1-0